000 01124nam a2200277 a 4500
001 000043770
003 DO-SdBNP
005 20260312092306.0
007 ta
008 140428s2002 dr 000 0 spa d
040 _aDO-SdBNP
_bspa
_cBNPHU
082 4 _a346.0166
_bR426L
_222
110 2 _aRepública Dominicana
_9447
240 1 0 _a[Leyes, etc.]
245 1 0 _aNo. 1306-bis ley sobre divorcio de fecha 21 de marzo de 1937. G.O. No. 5037 y sus modificaciones :
_bincluye la ley no. 142, sobre divorcio al vapor, que modifica la ley 1306-Bis, en los artículos, 28, 30 y 31 jurisprudencia en materia de divorcio, formularios en materia de divorcio.
260 _aSanto Domingo :
_b[Oficina de Estado Civil],
_c2002.
300 _a27 p. ;
_c21 cm.
590 _aInventariado,2018/DG
650 0 _aDivorcio
_xLeyes y legislación
_971610
650 4 _aDerecho de familia
_xLegislación
_949528
650 4 _aLeyes
_zRepública Dominicana
_93033
651 4 _aRepública Dominicana
_xLey 1306
_971611
651 4 _aRepública Dominicana
_xLey 142
_971612
910 _aValidado. Control de calidad EMS
942 _2ddc
_cLBS1
999 _c43259
_d43259